| 000 | 01522cam a2200409 a 4500 | ||
|---|---|---|---|
| 003 | OSt | ||
| 005 | 20180829185917.0 | ||
| 008 | 081111s2009 moua b 001 0 eng | ||
| 020 | _a9781416029038 | ||
| 020 | _a1416029036 | ||
| 020 | _a9789996024351 (DVDROM) | ||
| 020 | _a9996024350 (DVDROM) | ||
| 040 |
_aNLM _cNLM _dAKC _dCDX _dMUQ _dCIN _beng |
||
| 042 | _anlmcopyc | ||
| 050 | 4 |
_aRC925.7 _b.S93 2009 |
|
| 060 | 0 | 0 | _a2008 N-315 |
| 060 | 1 | 0 |
_aWE 141 _bS971d 2009 |
| 082 | 0 | 4 |
_a616.70754 _222 _bSJD |
| 100 | 1 |
_aSwain, James, _cMPT _964597 |
|
| 245 | 1 | 0 |
_aDiagnostic imaging for physical therapists / _cJames Swain, Kenneth W. Bush ; with a contribution by Juliet W. Brosing |
| 246 | 1 |
_iTitle of accompanying DVD-ROM: _aDiagnostic imaging, physical therapists |
|
| 260 |
_aSt. Louis, Mo. : _bSaunders/Elsevier, _cc2009 |
||
| 300 |
_axi, 320 p. : _bill. ; _c25 cm. + _e1 DVD-ROM (4 3/4 in.) |
||
| 504 | _aIncludes bibliographical references and index | ||
| 650 | 1 | 2 |
_aMusculoskeletal System _xradiography _911332 |
| 650 | 2 | 2 |
_aPhysical Therapy Modalities _964598 |
| 650 | 0 |
_aDiagnostic imaging _964599 |
|
| 650 | 0 |
_aPhysical therapy _964600 |
|
| 650 | 0 |
_aPhysical therapists _964601 |
|
| 650 | 0 |
_aMusculoskeletal system _xImaging _911330 |
|
| 650 | 0 |
_aExtremities (Anatomy) _xImaging _964602 |
|
| 650 | 0 |
_aMusculoskeletal system _xRadiography _911332 |
|
| 650 | 0 |
_aExtremities (Anatomy) _xRadiography _964603 |
|
| 700 | 1 |
_aBush, Kenneth W _964604 |
|
| 700 | 1 |
_aBrosing, Juliet Wain, _d1953- _964605 |
|
| 942 | _cBOOK | ||
| 999 |
_c42690 _d312310 |
||